Państwa, które należały do ZSRR. - Statystyki

Ogólne statystyki
  • Ten quiz został rozwiązany 689 razy
  • Średni wynik to 13 z 15
Statystyki odpowiedzi
Państwa: % Poprawnych
Białoruś
88%
Estonia
88%
Litwa
87%
Łotwa
87%
Ukraina
87%
Armenia
85%
Kirgistan
85%
Turkmenistan
83%
Gruzja
82%
Kazachstan
82%
Rosja
82%
Uzbekistan
82%
Mołdawia
81%
Azerbejdżan
80%
Tadżykistan
80%
Nie znaleziono quizów pasujących do podanych kryteriów
Rozkład punktacji
Procent ludzi z każdym wynikiem
Percentyl według liczby udzielonych odpowiedzi
Twoja historia wyników
Nie rozwiązałeś tego quizu